Science Quiz

Random Science or Clickable Quiz

Shortest-to-Longest Minefield Quiz Stats

Quiz Updated Jan 12, 2015

Challenge
Share
Tweet
Embed
Score 0/14 Timer 05:00
45 Plays Today
% Correct
???
99%
???
94%
???
90.8%
???
85%
???
70.6%
???
67.4%
???
37.2%
% Correct
???
27.7%
???
20.6%
???
17.1%
???
15.6%
???
15%
???
10.9%
???
10.6%

You're not logged in!

Compare scores with friends on all Sporcle quizzes.
Sign Up with Email
OR
Log In

You Might Also Like...

Show Comments

Extras

Top Quizzes Today


Score Distribution

Your Account Isn't Verified!

In order to create a playlist on Sporcle, you need to verify the email address you used during registration. Go to your Sporcle Settings to finish the process.

Report this User

Report this user for behavior that violates our Community Guidelines.

Details: